First steps in advocacy, (Record no. 4750)
[ view plain ]
| 000 -LEADER | |
|---|---|
| fixed length control field | 01015cam a22002771 4500 |
| 001 - CONTROL NUMBER | |
| control field | 7860064 |
| 003 - CONTROL NUMBER IDENTIFIER | |
| control field | OSt |
| 005 - DATE AND TIME OF LATEST TRANSACTION | |
| control field | 20120105123401.0 |
| 008 - FIXED-LENGTH DATA ELEMENTS--GENERAL INFORMATION | |
| fixed length control field | 830408s1943 enk 000 0 eng |
| 010 ## - LIBRARY OF CONGRESS CONTROL NUMBER | |
| LC control number | 43017951 |
| 035 ## - SYSTEM CONTROL NUMBER | |
| System control number | (OCoLC)9390245 |
| 040 ## - CATALOGING SOURCE | |
| Original cataloging agency | DDC |
| Transcribing agency | TxHU-L |
| Modifying agency | DLC |
| 050 00 - LIBRARY OF CONGRESS CALL NUMBER | |
| Classification number | KD474 |
| Item number | .P34 1943 |
| 082 ## - DEWEY DECIMAL CLASSIFICATION NUMBER | |
| Classification number | 347.052/PEG |
| 100 1# - MAIN ENTRY--PERSONAL NAME | |
| Personal name | Page, Leo, |
| Dates associated with a name | 1890-1951. |
| 9 (RLIN) | 5607 |
| 245 10 - TITLE STATEMENT | |
| Title | First steps in advocacy, |
| Statement of responsibility, etc | by Leo Page ... with a foreword by the Sir Geoffrey Lawrence QC. |
| 260 ## - PUBLICATION, DISTRIBUTION, ETC. (IMPRINT) | |
| Place of publication, distribution, etc | London, |
| Name of publisher, distributor, etc | Faber and Faber |
| Date of publication, distribution, etc | [1943] |
| 300 ## - PHYSICAL DESCRIPTION | |
| Extent | 132 p. |
| Dimensions | 20 cm. |
| 650 #0 - SUBJECT ADDED ENTRY--TOPICAL TERM | |
| Topical term or geographic name as entry element | Lawyers |
| Geographic subdivision | Great Britain. |
| 9 (RLIN) | 5608 |
| 650 #0 - SUBJECT ADDED ENTRY--TOPICAL TERM | |
| Topical term or geographic name as entry element | Trial practice |
| Geographic subdivision | Great Britain. |
| 9 (RLIN) | 5609 |
| 906 ## - LOCAL DATA ELEMENT F, LDF (RLIN) | |
| a | 7 |
| b | cbc |
| c | oclcrpl |
| d | u |
| e | ncip |
| f | 19 |
| g | y-gencatlg |
| 942 ## - ADDED ENTRY ELEMENTS (KOHA) | |
| Source of classification or shelving scheme | Dewey Decimal Classification |
| Koha item type | Books |
| Withdrawn status | Lost status | Source of classification or shelving scheme | Damaged status | Not for loan | Home library | Current library | Shelving location | Date acquired | Total Checkouts | Full call number | Barcode | Date last seen | Price effective from | Koha item type |
|---|---|---|---|---|---|---|---|---|---|---|---|---|---|---|
| Dewey Decimal Classification | Law Development Centre Main Library | Law Development Centre Main Library | Text Books and Laws | 01/05/2012 | 347.052/PEG | 3236/2012 | 01/05/2012 | 01/05/2012 | Books | |||||
| Dewey Decimal Classification | Law Development Centre Main Library | Law Development Centre Main Library | Text Books and Laws | 01/05/2012 | 347.052/PEG | 3237/2012 | 01/05/2012 | 01/05/2012 | Books |
